000 00475nam a2200181 i 4500
001 bg
100 1 _aHANNAN, John
245 0 _aMechanics and Machines :
_bElementary Theory and Examples /
_cJohn Hannah, R.C. Stephens.
260 _aLondon :
_bEdward Arnold,
_c1972.
700 1 _aSTEPHENS, R. C.
020 _a0713132310
040 _cBPK
041 _apol
080 _a621.01
920 _a0-7131-3231-0
942 _cKS
008 s pl f |000 0 pol
999 _c15228
_d15228
856 _uhttp://koha.tu.koszalin.pl/cgi-bin/koha/opac-detail.pl?biblionumber=15228
_yKatalog online BPK